[Event "TUR Cup										"]
[Site "Antalya"]
[Date "2018.01.30"]
[Round "5"]
[White "Menken, Ekin"]
[Black "Celiktas, Sami"]
[Result "1-0"]
[WhiteElo "1635"]
[BlackElo "1464"]
[PlyCount "75"]
[EventDate "2018.01.27"]
[EventType "swiss"]
[EventRounds "11"]
[EventCountry "TUR"]
[SourceTitle "CBM 182 Extra"]
[Source "ChessBase"]
[SourceDate "2018.02.23"]
[SourceVersion "1"]
[SourceVersionDate "2018.02.23"]
[SourceQuality "1"]

1. e4 c6 2. d4 d5 3. Nc3 dxe4 4. Nxe4 Bf5 5. Ng3 Bg6 6. h4 h6 7. Nf3 Nd7 8. h5 Bh7 9. Bd3 Bxd3 10. Qxd3 Ngf6 11. Bd2 e6 12. 0-0-0 Bd6 13. Ne4 Nxe4 14. Qxe4 Nf6 15. Qe2 Qc7 16. Ne5 0-0-0 17. f4 Bxe5 18. dxe5 Nd5 19. Rh3 Ne7 20. Ra3 Kb8 21. Be3 Rxd1+ 22. Qxd1 a6 23. Bc5 Kc8 24. Bd6 Qd7 25. Rd3 b5 26. Bxe7 Qxe7 27. Rd6 Qc7 28. Qg4 Rg8 29. Rxe6 fxe6 30. Qxe6+ Kb7 31. Qxg8 Qe7 32. e6 Kb6 33. b3 Kc5 34. Qf7 Kd6 35. Qxe7+ Kxe7 36. f5 a5 37. a4 b4 38. Kd2 1-0

[Event "TUR Cup										"]
[Site "Antalya"]
[Date "2018.01.28"]
[Round "3"]
[White "Menken, Ekin"]
[Black "Demirag, Batuhan"]
[Result "0-1"]
[WhiteElo "1635"]
[BlackElo "1992"]
[PlyCount "81"]
[EventDate "2018.01.27"]
[EventType "swiss"]
[EventRounds "11"]
[EventCountry "TUR"]
[SourceTitle "CBM 182 Extra"]
[Source "ChessBase"]
[SourceDate "2018.02.23"]
[SourceVersion "1"]
[SourceVersionDate "2018.02.23"]
[SourceQuality "1"]

1. e4 c5 2. Nf3 e6 3. d4 cxd4 4. Nxd4 a6 5. Bd3 Nc6 6. Nxc6 dxc6 7. Nc3 e5 8. 0-0 Nf6 9. h3 Bd6 10. f4 0-0 11. f5 Bc5+ 12. Kh2 h6 13. Ne2 Ng4+ 14. Kh1 Nf2+ 15. Rxf2 Bxf2 16. Qf1 Bh4 17. Qf3 Bg5 18. g3 b5 19. Ng1 c5 20. Bxg5 Qxg5 21. h4 Qf6 22. Qh5 c4 23. Be2 Bb7 24. Bf3 Qb6 25. Re1 Rad8 26. Bg2 f6 27. Qe2 Rd4 28. Qe3 Rfd8 29. Nf3 R4d6 30. Qe2 Qc6 31. a3 Qd7 32. Kg1 Rd1 33. Kf1 Rxe1+ 34. Kxe1 Qc6 35. Nd2 c3 36. bxc3 Qxc3 37. Bf3 Qxc2 38. Qd1 Qxd1+ 39. Kxd1 Rd3 40. Kc2 Rxf3 41. Nxf3 0-1

[Event "TUR-chT2"]
[Site "Konya"]
[Date "2017.07.15"]
[Round "9.6"]
[White "Menken, Ekin"]
[Black "Taskiran, Recep"]
[Result "0-1"]
[WhiteElo "1573"]
[BlackElo "1912"]
[PlyCount "144"]
[EventDate "2017.07.09"]
[EventType "team-swiss"]
[EventRounds "9"]
[EventCountry "TUR"]
[SourceTitle "CBM 179 Extra"]
[Source "ChessBase"]
[SourceDate "2017.08.23"]
[SourceVersion "1"]
[SourceVersionDate "2017.08.23"]
[SourceQuality "1"]
[WhiteTeam "Karaman Akademi"]
[BlackTeam "Dobruca"]
[WhiteTeamCountry "TUR"]
[BlackTeamCountry "TUR"]

1. e4 c5 2. Nf3 d6 3. d4 cxd4 4. Qxd4 Nc6 5. Bb5 Bd7 6. Bxc6 bxc6 7. Nc3 Qb6 8. Qxb6 axb6 9. 0-0 g6 10. Be3 Ra6 11. Bd4 e5 12. Be3 f5 13. exf5 gxf5 14. Rfe1 Nf6 15. Bg5 Kf7 16. Rad1 Be8 17. Nd2 b5 18. a3 Rg8 19. Bh4 Nh5 20. f3 Nf4 21. Bg3 Ne6 22. Nb3 h5 23. Bh4 Nf4 24. Bg3 Ng6 25. h3 h4 26. Bh2 Kf6 27. Nc1 Ra7 28. Re2 Bf7 29. Ree1 Be6 30. Kh1 Rag7 31. Re2 Bc8 32. Nd3 Bb7 33. Nb4 Nh8 34. Rde1 Nf7 35. Rf1 Nd8 36. Rd2 Ne6 37. Nd1 Nd4 38. Ne3 Ne6 39. Rff2 Rd7 40. c3 Bh6 41. Rfe2 Rgd8 42. Rd1 Ng7 43. Kg1 Nh5 44. Kh1 Bf4 45. Bxf4 exf4 46. Nf1 Re7 47. Rxe7 Kxe7 48. Re1+ Kf6 49. Kg1 c5 50. Nc2 Bd5 51. Nd2 Bc4 52. Nxc4 bxc4 53. Kf2 Rb8 54. Rb1 Ke5 55. Ke2 d5 56. Kd2 Kd6 57. Ke2 Nf6 58. Kd2 Nd7 59. Ne1 Ne5 60. Ke2 d4 61. Kd2 d3 62. Kd1 Rb3 63. Kd2 Nd7 64. Kd1 Nb6 65. Kd2 Na4 66. Kc1 Nxc3 67. Ra1 Ne2+ 68. Kb1 Nc3+ 69. Kc1 Na4 70. Rb1 Kd5 71. Kd2 Kd4 72. Kc1 Ke3 0-1

[Event "TUR-chT2"]
[Site "Konya"]
[Date "2017.07.10"]
[Round "2.16"]
[White "Menken, Ekin"]
[Black "Bayram, Mesut"]
[Result "1/2-1/2"]
[WhiteElo "1573"]
[BlackElo "1554"]
[PlyCount "139"]
[EventDate "2017.07.09"]
[EventType "team-swiss"]
[EventRounds "9"]
[EventCountry "TUR"]
[SourceTitle "CBM 179 Extra"]
[Source "ChessBase"]
[SourceDate "2017.08.23"]
[SourceVersion "1"]
[SourceVersionDate "2017.08.23"]
[SourceQuality "1"]
[WhiteTeam "Karaman Akademi"]
[BlackTeam "Amasya Oguz Ata"]
[WhiteTeamCountry "TUR"]
[BlackTeamCountry "TUR"]

1. e4 Nc6 2. d4 d5 3. e5 Bf5 4. Nf3 f6 5. Bd3 Bg4 6. exf6 Nxf6 7. c3 e5 8. dxe5 Nxe5 9. Be2 Nxf3+ 10. Bxf3 Bxf3 11. Qxf3 Bc5 12. Be3 Qe7 13. 0-0 0-0 14. Bxc5 Qxc5 15. Nd2 Qb6 16. Rab1 Ne4 17. Qe2 Rfe8 18. Nxe4 Rxe4 19. Qd2 d4 20. cxd4 Rxd4 21. Qc2 c5 22. Rbd1 Rad8 23. Rxd4 cxd4 24. Rd1 Qc6 25. Qb3+ Qd5 26. Qxd5+ Rxd5 27. Kf1 Kf7 28. Ke2 Ke6 29. Kd3 Rf5 30. Rd2 Kd5 31. Rc2 b5 32. b4 Rf4 33. f3 Kd6 34. Rc8 g5 35. Rd8+ Ke5 36. Re8+ Kd5 37. Rg8 h6 38. Rg6 Rf5 39. Rxh6 Re5 40. Ra6 Re3+ 41. Kd2 Re7 42. Rg6 Re5 43. Rg7 a6 44. Rg6 Kc4 45. Rxa6 Kxb4 46. Rc6 Re3 47. Rc2 Rc3 48. Rb2+ Kc4 49. Ke2 b4 50. Kd2 Rd3+ 51. Ke2 Re3+ 52. Kd2 Rd3+ 53. Ke2 Ra3 54. Kd2 Rc3 55. Ke2 d3+ 56. Ke3 Rc1 57. Kd2 Rg1 58. Ke3 Re1+ 59. Kd2 Re2+ 60. Kc1 Rxb2 61. Kxb2 Kd4 62. Kc1 Kc3 63. f4 d2+ 64. Kd1 gxf4 65. h4 Kb2 66. h5 Kxa2 67. h6 b3 68. h7 b2 69. h8Q b1Q+ 70. Kxd2 1/2-1/2

[Event "Manavgat Turkey Cup"]
[Site "Manavgat"]
[Date "2015.02.05"]
[Round "8"]
[White "Hatipoglu, Metin"]
[Black "Menken, Ekin"]
[Result "1-0"]
[WhiteElo "1807"]
[BlackElo "1521"]
[PlyCount "93"]
[EventDate "2015.01.31"]
[EventType "swiss"]
[EventRounds "11"]
[EventCountry "TUR"]
[SourceTitle "CBM 164 Extra"]
[Source "ChessBase"]
[SourceDate "2015.03.02"]
[SourceVersion "1"]
[SourceVersionDate "2015.03.02"]
[SourceQuality "1"]

1. e4 c5 2. Nf3 d6 3. d4 cxd4 4. Nxd4 Nf6 5. Nc3 a6 6. Be2 e5 7. Nb3 Be7 8. 0-0 0-0 9. Kh1 Nc6 10. f4 Be6 11. f5 Bxb3 12. axb3 Nd4 13. Be3 Nxe2 14. Qxe2 Qc7 15. Rad1 Rac8 16. g4 h6 17. g5 hxg5 18. Bxg5 Qc6 19. Bxf6 Bxf6 20. Nd5 Bd8 21. Rf2 Qb5 22. Rd3 Qa5 23. f6 g6 24. Qe3 Bxf6 25. Nxf6+ Kg7 26. Nh5+ Kh7 27. Nf6+ Kg7 28. c3 Rh8 29. Rxd6 Qa1+ 30. Kg2 Rxh2+ 31. Kxh2 Rh8+ 32. Qh3 Rxh3+ 33. Kxh3 Qh1+ 34. Kg3 Qg1+ 35. Kf3 Qh1+ 36. Ke2 Qb1 37. Rd2 a5 38. Ne8+ Kh7 39. Nd6 b6 40. Rxf7+ Kh6 41. Rf3 Qh1 42. Rf1 Qg2+ 43. Rf2 Qg4+ 44. Kd3 Qg3+ 45. Kc2 Qe3 46. Rh2+ Kg7 47. Rdf2 1-0

[Event "Manavgat Turkey Cup"]
[Site "Manavgat"]
[Date "2015.02.02"]
[Round "4"]
[White "Karagollu, Baran Ilyas"]
[Black "Menken, Ekin"]
[Result "1-0"]
[WhiteElo "1595"]
[BlackElo "1521"]
[PlyCount "58"]
[EventDate "2015.01.31"]
[EventType "swiss"]
[EventRounds "11"]
[EventCountry "TUR"]
[SourceTitle "CBM 164 Extra"]
[Source "ChessBase"]
[SourceDate "2015.03.02"]
[SourceVersion "1"]
[SourceVersionDate "2015.03.02"]
[SourceQuality "1"]

1. e4 c5 2. Nf3 d6 3. c3 Nf6 4. Be2 Nc6 5. d4 cxd4 6. cxd4 Nxe4 7. d5 Qa5+ 8. Nc3 Nxc3 9. bxc3 Ne5 10. 0-0 g6 11. Nxe5 dxe5 12. Bg5 Qc7 13. Qb3 Bg7 14. Rfe1 0-0 15. Rac1 Bf5 16. Bf3 Rab8 17. Be3 b6 18. Bg5 Rfc8 19. Be2 e6 20. Ba6 Re8 21. Bb5 Rf8 22. c4 Qd6 23. Bd2 a5 24. Be3 exd5 25. cxd5 Rfd8 26. Red1 Be4 27. Bc6 Qc7 28. d6 Qxc6 29. Rxc6 Bxc6 1-0

[Event "Manavgat Turkey Cup"]
[Site "Manavgat"]
[Date "2015.02.01"]
[Round "3"]
[White "Menken, Ekin"]
[Black "Aytekin, Murat Eren"]
[Result "0-1"]
[WhiteElo "1521"]
[BlackElo "1629"]
[PlyCount "36"]
[EventDate "2015.01.31"]
[EventType "swiss"]
[EventRounds "11"]
[EventCountry "TUR"]
[SourceTitle "CBM 164 Extra"]
[Source "ChessBase"]
[SourceDate "2015.03.02"]
[SourceVersion "1"]
[SourceVersionDate "2015.03.02"]
[SourceQuality "1"]

1. e4 c5 2. Nf3 e6 3. d4 cxd4 4. Nxd4 a6 5. Nc3 b5 6. a3 Bb7 7. f3 Nf6 8. Be3 d5 9. e5 Nfd7 10. f4 Nc6 11. Be2 Rc8 12. 0-0 Bc5 13. Kh1 Qb6 14. Nxc6 Bxe3 15. Qd3 Bxc6 16. Rf3 d4 17. Qd1 Bxf3 18. Bxf3 Qc7 0-1

[Event "EU-ch U10 23rd"]
[Site "Budva"]
[Date "2013.10.01"]
[Round "3"]
[White "Morozli, Grigorijs"]
[Black "Menken, Ekin"]
[Result "1-0"]
[WhiteElo "1717"]
[BlackElo "1508"]
[PlyCount "85"]
[EventDate "2013.09.29"]
[EventType "swiss"]
[EventRounds "9"]
[EventCountry "MNE"]
[SourceTitle "EXT 2014"]
[Source "ChessBase"]
[SourceDate "2013.11.20"]
[SourceVersion "1"]
[SourceVersionDate "2013.11.20"]
[SourceQuality "1"]

1. d4 f5 2. g3 Nf6 3. Bg2 e6 4. Nf3 d5 5. 0-0 c6 6. Ne5 Bd6 7. f4 Qe7 8. Nd2 0-0 9. e3 Nbd7 10. c3 Bxe5 11. fxe5 Ng4 12. Nf3 b5 13. Qe2 a5 14. h3 Nh6 15. Qc2 Ba6 16. Re1 c5 17. Bd2 Rfb8 18. Rab1 b4 19. Kh2 c4 20. b3 Rc8 21. Qb2 Rab8 22. bxc4 bxc3 23. Qxc3 Bxc4 24. Rxb8 Rxb8 25. Qxa5 Rb2 26. a3 Rb5 27. Qa8+ Rb8 28. Qa7 Qe8 29. Qa5 Rb5 30. Qc3 Rb3 31. Qc1 Nb8 32. Bb4 Na6 33. Bd6 Qb5 34. Nd2 Rb2 35. Qc3 Nf7 36. Bb4 Ra2 37. Rb1 Qa4 38. Rc1 Nxb4 39. Nxc4 dxc4 40. axb4 Ng5 41. Qxc4 Rd2 42. h4 Nf3+ 43. Kh3 1-0

[Event "EU-ch U10 23rd"]
[Site "Budva"]
[Date "2013.09.29"]
[Round "1"]
[White "Tsoi, Dmitry"]
[Black "Menken, Ekin"]
[Result "1/2-1/2"]
[WhiteElo "1871"]
[BlackElo "1508"]
[PlyCount "36"]
[EventDate "2013.09.29"]
[EventType "swiss"]
[EventRounds "9"]
[EventCountry "MNE"]
[SourceTitle "EXT 2014"]
[Source "ChessBase"]
[SourceDate "2013.11.20"]
[SourceVersion "1"]
[SourceVersionDate "2013.11.20"]
[SourceQuality "1"]

1. e4 c5 2. Nf3 e6 3. d4 cxd4 4. Nxd4 Nf6 5. Nc3 Nc6 6. Be3 Bb4 7. Bd3 d5 8. exd5 Nxd5 9. Nxc6 bxc6 10. Bd2 0-0 11. 0-0 c5 12. Ne4 h6 13. c3 f5 14. cxb4 fxe4 15. Bxe4 Ba6 16. Re1 cxb4 17. Bxd5 exd5 18. Bxb4 Re8 1/2-1/2